Iran and Pakistan : (Record no. 593396)
[ view plain ]
| 000 -LEADER | |
|---|---|
| fixed length control field | 01974cam a2200373 i 4500 |
| 001 - CONTROL NUMBER | |
| control field | 20306091 |
| 003 - CONTROL NUMBER IDENTIFIER | |
| control field | NUST |
| 005 - DATE AND TIME OF LATEST TRANSACTION | |
| control field | 20230221134342.0 |
| 008 - FIXED-LENGTH DATA ELEMENTS--GENERAL INFORMATION | |
| fixed length control field | 180125s2017 enk b 001 0 eng |
| 010 ## - LIBRARY OF CONGRESS CONTROL NUMBER | |
| LC control number | 2017479778 |
| 020 ## - INTERNATIONAL STANDARD BOOK NUMBER | |
| International Standard Book Number | 978-1-78453-214-7 |
| Qualifying information | paperback |
| 020 ## - INTERNATIONAL STANDARD BOOK NUMBER | |
| International Standard Book Number | 978-0-85773-915-5 |
| Qualifying information | paperback |
| 040 ## - CATALOGING SOURCE | |
| Original cataloging agency | DLC |
| Language of cataloging | eng |
| Description conventions | rda |
| Transcribing agency | DLC |
| 042 ## - AUTHENTICATION CODE | |
| Authentication code | pcc |
| 043 ## - GEOGRAPHIC AREA CODE | |
| Geographic area code | a-pk--- |
| -- | a-ir--- |
| -- | n-us--- |
| -- | a------ |
| 050 00 - LIBRARY OF CONGRESS CALL NUMBER | |
| Classification number | DS274.2.P18 |
| Item number | V38 2017 |
| 082 ## - DEWEY DECIMAL CLASSIFICATION NUMBER | |
| Classification number | 327.5491, VAT |
| 100 1# - MAIN ENTRY--PERSONAL NAME | |
| Personal name | Vatanka, Alex, |
| Relator term | author. |
| 9 (RLIN) | 109350 |
| 245 10 - TITLE STATEMENT | |
| Title | Iran and Pakistan : |
| Remainder of title | security, diplomacy and American influence / |
| Statement of responsibility, etc. | Alex Vatanka. |
| 250 ## - EDITION STATEMENT | |
| Edition statement | New paperback edition. |
| 264 #1 - PRODUCTION, PUBLICATION, DISTRIBUTION, MANUFACTURE, AND COPYRIGHT NOTICE | |
| Place of production, publication, distribution, manufacture | London ; |
| -- | New York : |
| Name of producer, publisher, distributor, manufacturer | I.B. Tauris & Co. Ltd, |
| Date of production, publication, distribution, manufacture, or copyright notice | 2017. |
| 300 ## - PHYSICAL DESCRIPTION | |
| Extent | xii, 307 pages ; |
| Dimensions | 22 cm |
| 336 ## - CONTENT TYPE | |
| Content type term | text |
| Source | rdacontent |
| 337 ## - MEDIA TYPE | |
| Media type term | unmediated |
| Source | rdamedia |
| 338 ## - CARRIER TYPE | |
| Carrier type term | volume |
| Source | rdacarrier |
| 505 0# - FORMATTED CONTENTS NOTE | |
| Formatted contents note | On the road to India: Iran's and Pakistan's intertwined history (Page-5), 1947-1958: early hiccups, as Iran and Pakistan both look to the US for protection (Page-12),1958-1965: regional turbulence and an unlikely union (Page-27),1965-1969: the northern tier: a fluid fault line (Page-45),1969-71: Iran's intervention over the Pakistani defeat of 1971 (Page-66),1971-77: the Shah and Pakistan's reluctant dependence (Page-82),1977-1988: Zia, the Shah and coming of the Ayatollah (Page-129),The arrival of the Shi'a-Sunni schism in relations (Page-171),1988-2001: Geopolitical foes, sometime partners (Page-195),2001-present: Afghanistan, the Arab challenge and Iran's soft power in Pakistan (Page-226). |
| 651 #0 - SUBJECT ADDED ENTRY--GEOGRAPHIC NAME | |
| Geographic name | Iran |
| General subdivision | Foreign relations |
| Geographic subdivision | Pakistan. |
| 9 (RLIN) | 109351 |
| 651 #0 - SUBJECT ADDED ENTRY--GEOGRAPHIC NAME | |
| Geographic name | Pakistan |
| General subdivision | Foreign relations |
| Geographic subdivision | Iran. |
| 9 (RLIN) | 109352 |
| 651 #0 - SUBJECT ADDED ENTRY--GEOGRAPHIC NAME | |
| Geographic name | United States |
| General subdivision | Relations |
| Geographic subdivision | Asia. |
| 9 (RLIN) | 109353 |
| 651 #0 - SUBJECT ADDED ENTRY--GEOGRAPHIC NAME | |
| Geographic name | Asia |
| General subdivision | Relations |
| Geographic subdivision | United States. |
| 9 (RLIN) | 109354 |
| 906 ## - LOCAL DATA ELEMENT F, LDF (RLIN) | |
| a | 7 |
| b | cbc |
| c | origres |
| d | 3 |
| e | ncip |
| f | 20 |
| g | y-gencatlg |
| 942 ## - ADDED ENTRY ELEMENTS (KOHA) | |
| Source of classification or shelving scheme | |
| Koha item type | Book |
| Withdrawn status | Lost status | Source of classification or shelving scheme | Damaged status | Not for loan | Permanent Location | Current Location | Shelving location | Date acquired | Total Checkouts | Full call number | Barcode | Date last seen | Price effective from | Koha item type | Public note |
|---|---|---|---|---|---|---|---|---|---|---|---|---|---|---|---|
| Military College of Signals (MCS) | Military College of Signals (MCS) | General Stacks | 02/21/2023 | 327.5491, VAT | MCS37606 | 02/21/2023 | 02/21/2023 | Book | Almirah No.50, Shelf No.1 |
